Contemporary Vernacular Design : How British Housing Can Rediscover Its Soul (Record no. 16522)

MARC details
000 -LEADER
fixed length control field 00401nam a2200145Ia 4500
008 - FIXED-LENGTH DATA ELEMENTS--GENERAL INFORMATION
fixed length control field 220803s9999 xx 000 0 und d
020 ## - INTERNATIONAL STANDARD BOOK NUMBER
International Standard Book Number 9781859465844
041 ## - LANGUAGE CODE
Language code of text/sound track or separate title eng
082 ## - DEWEY DECIMAL CLASSIFICATION NUMBER
Classification number 720 NAS
100 ## - MAIN ENTRY--PERSONAL NAME
Personal name Nash C
9 (RLIN) 25791
245 ## - TITLE STATEMENT
Title Contemporary Vernacular Design : How British Housing Can Rediscover Its Soul
260 ## - PUBLICATION, DISTRIBUTION, ETC. (IMPRINT)
Place of publication, distribution, etc. Great Britain
Name of publisher, distributor, etc. RIBA Publishing
Date of publication, distribution, etc. 2016
300 ## - PHYSICAL DESCRIPTION
Extent 216p
500 ## - GENERAL NOTE
Keywords ARCHI
Holdings
Withdrawn status Lost status Damaged status Not for loan Collection code Home library Current library Date acquired Vendor Cost, normal purchase price Total Checkouts Full call number Barcode Date last seen Date last checked out Cost, replacement price Bill Date Koha item type Original Barcode
        Book of B Arch Dr. Bhanuben Nanavati College of Architecture Dr. Bhanuben Nanavati College of Architecture 02/05/2017 Suyog Enterprises 2295.68 1 720.9 NAS BNCA-BK-10232 11/03/2025 11/03/2025 3376.00 10/04/2017 Reference book B10232